000 00575nam a2200181 i 4500
001 78697
003 ES-MaACL
005 20230906173804.0
007 t|
008 041015s1962 sp ||||1| spa d
100 1 _aHawley, Amos H.
_962172
245 1 0 _aEcología humana /
_cAmos H. Hawley ; prólogo de Francisco Murillo ; [traducción de José Jiménez Blanco].
260 _aMadrid :
_bTecnos,
_c1962.
300 _a433 p. :
_bil. ;
_c24 cm.
700 1 _aMurillo, Francisco.
_984584
700 1 _aJiménez Blanco, José.
_966468
852 _aES-MaACL
_jC-27343
_bR.56201
999 _c78697
_d78697